[Event "24th ch-EUR Indiv 2024"]
[Site "Petrovac MNE"]
[Date "2024.11.13"]
[Round "6.9"]
[White "Gurel, Ediz"]
[Black "Motylev, Alexander"]
[Result "0-1"]
[WhiteTitle "GM"]
[BlackTitle "GM"]
[WhiteElo "2635"]
[BlackElo "2577"]
[WhiteFideId "44507356"]
[BlackFideId "4121830"]
[EventDate "2024.11.08"]

1. e4 e5 2. Nf3 Nc6 3. Bb5 Nf6 4. d3 d6 5. O-O Be7 6. c3 O-O 7. Re1 a6 8. Ba4
Re8 9. Nbd2 Bf8 10. Nf1 h6 11. Ng3 b5 12. Bb3 Ne7 13. a4 Rb8 14. d4 Ng6 15. h3
c5 16. d5 Bd7 17. Bc2 Qc7 18. Be3 Rec8 19. Qd2 Rb7 20. Ra2 b4 21. cxb4 Rxb4 22.
Qc3 a5 23. Bd2 Qb7 24. Rb1 Nxe4 25. Nxe4 Qxd5 26. Ra3 Rxe4 27. Bxe4 Qxe4 28. Re1
Qd5 29. Qxa5 e4 30. Nh2 Ne5 31. Qc3 Nd3 32. Re2 Qa8 33. a5 d5 34. a6 d4 35. Qc2
c4 36. Ra1 Bc5 37. Qxc4 Nxb2 38. Qb3 Rb8 39. Qg3 e3 40. fxe3 Nc4 41. Nf3 Re8 42.
Kh1 Bd6 43. Qh4 Re4 44. Qh5 d3 45. Ree1 Bf8 46. Nd4 Nxd2 47. a7 Re8 48. Kg1 Nc4
49. Rf1 g6 50. Qh4 Nxe3 51. Rf2 Bc5 52. Kh1 Nc2 53. Raf1 Bxd4 54. Rxf7 Bf5 55.
Rc7 Ne3 56. Rf2 Nd5 57. Qxd4 Nxc7 58. Rb2 Qe4 59. Qb6 Qe1+ 60. Kh2 Qe5+ 61. Kh1
d2 0-1

[Event "24th ch-EUR Indiv 2024"]
[Site "Petrovac MNE"]
[Date "2024.11.13"]
[Round "6.10"]
[White "Sokolovsky, Yahli"]
[Black "Svane, Rasmus"]
[Result "1/2-1/2"]
[WhiteTitle "GM"]
[BlackTitle "GM"]
[WhiteElo "2516"]
[BlackElo "2628"]
[WhiteFideId "2820242"]
[BlackFideId "4657101"]
[EventDate "2024.11.08"]

1. e4 e5 2. Nf3 Nc6 3. Bb5 Nf6 4. O-O Nxe4 5. Re1 Nd6 6. Nxe5 Be7 7. Bf1 Nf5 8.
Nf3 O-O 9. d4 d5 10. c3 Bd6 11. Bd3 Re8 12. Rxe8+ Qxe8 13. Nbd2 Be6 14. Qc2 g6
15. Nf1 f6 16. Bd2 Qd7 17. Re1 Nce7 18. Ne3 Nxe3 19. Bxe3 Bf5 20. Bc1 c6 21. Nd2
Re8 22. Nf1 Bxd3 23. Qxd3 Nf5 24. Re2 Rxe2 25. Qxe2 h5 26. g3 Kf7 27. Ne3 Nxe3
28. Qxe3 g5 29. Qd3 Kg7 30. Kg2 b5 31. Qe2 Kg6 32. h3 1/2-1/2

[Event "24th ch-EUR Indiv 2024"]
[Site "Petrovac MNE"]
[Date "2024.11.13"]
[Round "6.11"]
[White "Samunenkov, Ihor"]
[Black "Hakobyan, Aram"]
[Result "1/2-1/2"]
[WhiteTitle "GM"]
[BlackTitle "GM"]
[WhiteElo "2523"]
[BlackElo "2623"]
[WhiteFideId "14187086"]
[BlackFideId "13306677"]
[EventDate "2024.11.08"]

1. d4 Nf6 2. Nf3 d5 3. c4 e6 4. g3 Be7 5. Bg2 O-O 6. O-O dxc4 7. Qc2 a6 8. a4
Bd7 9. Qxc4 Bc6 10. Bf4 Bd6 11. Qc1 Qe7 12. Nc3 a5 13. Re1 Bxf3 14. Bxf3 Bxf4
15. Qxf4 c6 16. e4 Nbd7 17. e5 Nd5 18. Bxd5 exd5 19. Re3 Nb6 20. b3 Rae8 21. Ne2
Na8 22. Qg4 Nc7 23. Nf4 Ne6 24. Rd1 Qg5 25. Qxg5 Nxg5 26. Rb1 f6 27. Nd3 Ne6 28.
exf6 Nxd4 29. fxg7 Kxg7 30. Nc5 Rxe3 31. fxe3 Ne2+ 32. Kg2 Rf7 1/2-1/2

[Event "24th ch-EUR Indiv 2024"]
[Site "Petrovac MNE"]
[Date "2024.11.13"]
[Round "6.12"]
[White "Donchenko, Alexander"]
[Black "Muradli, Mahammad"]
[Result "1-0"]
[WhiteTitle "GM"]
[BlackTitle "GM"]
[WhiteElo "2617"]
[BlackElo "2575"]
[WhiteFideId "24603295"]
[BlackFideId "13409301"]
[EventDate "2024.11.08"]

1. e4 c5 2. Nf3 d6 3. Bb5+ Bd7 4. Bxd7+ Qxd7 5. O-O Nf6 6. Re1 Nc6 7. c3 e6 8.
d4 cxd4 9. cxd4 d5 10. e5 Ne4 11. a3 Be7 12. Nbd2 Nxd2 13. Bxd2 O-O 14. Rc1 b6
15. Rc3 Na5 16. Ng5 h6 17. Nh3 f5 18. Rg3 Rfc8 19. Bxh6 Bf8 20. Qh5 Nc6 21. Ng5
Qe8 22. Qh4 Rc7 23. Nh7 1-0

[Event "24th ch-EUR Indiv 2024"]
[Site "Petrovac MNE"]
[Date "2024.11.13"]
[Round "6.13"]
[White "Dudin, Gleb"]
[Black "Hovhannisyan, Robert"]
[Result "0-1"]
[WhiteTitle "GM"]
[BlackTitle "GM"]
[WhiteElo "2510"]
[BlackElo "2613"]
[WhiteFideId "34184934"]
[BlackFideId "13302507"]
[EventDate "2024.11.08"]

1. c4 e5 2. g3 Nf6 3. Bg2 c6 4. d4 Bb4+ 5. Bd2 Bxd2+ 6. Qxd2 d6 7. Nc3 O-O 8.
Rd1 Nbd7 9. b3 a5 10. d5 cxd5 11. Bxd5 Nxd5 12. Qxd5 Ra6 13. Nf3 Nf6 14. Qd3 Qe7
15. Ng5 g6 16. Nge4 Nxe4 17. Qxe4 f5 18. Qd3 Be6 19. O-O f4 20. Rd2 Bf5 21. Qd5+
Be6 22. Qe4 Bf5 23. Qg2 h5 24. Rfd1 fxg3 25. Qxg3 Kh7 26. Nd5 Qf7 27. a4 g5 28.
Ne3 Qg6 29. c5 dxc5 30. Qxe5 Raf6 31. Qxc5 Be6 32. Rd8 Rxd8 33. Rxd8 Qb1+ 34.
Kg2 Qe1 35. Qc2+ Kg7 36. Qc7+ Bf7 37. Nd1 Qxe2 38. Qc3 Bd5+ 39. Rxd5 Qe4+ 40.
Kg1 Qxd5 41. Ne3 Qf3 42. Qd2 h4 43. Qd7+ Rf7 44. Qd4+ Qf6 0-1

[Event "24th ch-EUR Indiv 2024"]
[Site "Petrovac MNE"]
[Date "2024.11.13"]
[Round "6.14"]
[White "Petrosyan, Manuel"]
[Black "Yilmaz, Mustafa"]
[Result "1-0"]
[WhiteTitle "GM"]
[BlackTitle "GM"]
[WhiteElo "2612"]
[BlackElo "2568"]
[WhiteFideId "13300857"]
[BlackFideId "6302718"]
[EventDate "2024.11.08"]

1. e4 c5 2. Nf3 d6 3. d4 cxd4 4. Nxd4 Nf6 5. Bd3 Nc6 6. Ne2 e6 7. c4 d5 8. exd5
exd5 9. cxd5 Nxd5 10. O-O Ndb4 11. Be4 Qxd1 12. Rxd1 f5 13. Bxc6+ Nxc6 14. Nbc3
Be7 15. Nd5 Kf7 16. Nxe7 Nxe7 17. b3 Be6 18. Nf4 Rhd8 19. Re1 Bd7 20. Bb2 g5 21.
Nd3 Ng6 22. Rac1 Bc6 23. Ne5+ Nxe5 24. Rxe5 Rd5 25. Rxd5 Bxd5 26. Rc7+ Ke6 27.
Rxh7 Rc8 28. Rh6+ Kd7 29. h3 Rc2 30. Be5 Bf7 31. Rf6 Be6 32. Rg6 Rxa2 33. Rxg5
Bxb3 34. h4 Ra5 35. f4 Ra6 36. Bg7 Bg8 37. Rxf5 Rg6 38. Bd4 Rg4 39. Bf2 Be6 40.
Rf8 Rg8 41. Rxg8 Bxg8 42. Bxa7 Be6 43. Kf2 Ke7 44. Kf3 Bd5+ 45. Kg3 Kf6 46. Kh3
Kf5 47. Bb8 b5 48. g4+ Ke4 49. h5 b4 50. Kg3 b3 51. Be5 Bg8 52. Bb2 Bh7 53. h6
Kd5 54. f5 Kd6 55. Kf4 Ke7 56. g5 Kf7 57. Bc3 1-0

[Event "24th ch-EUR Indiv 2024"]
[Site "Petrovac MNE"]
[Date "2024.11.13"]
[Round "6.15"]
[White "Dardha, Daniel"]
[Black "Livaic, Leon"]
[Result "1-0"]
[WhiteTitle "GM"]
[BlackTitle "GM"]
[WhiteElo "2606"]
[BlackElo "2557"]
[WhiteFideId "240990"]
[BlackFideId "14531534"]
[EventDate "2024.11.08"]

1. Nf3 Nf6 2. g3 d5 3. Bg2 e6 4. O-O Be7 5. d4 O-O 6. b3 a5 7. c4 c6 8. Nc3 Nbd7
9. Qc2 b5 10. cxb5 cxb5 11. Nxb5 Ba6 12. Nc3 Bb4 13. Bd2 Rc8 14. Qb2 Qe7 15. a3
Bd6 16. Rfc1 Rb8 17. Qa2 Rb7 18. e4 dxe4 19. Ng5 Rfb8 20. b4 axb4 21. axb4 Bd3
22. Ncxe4 Nxe4 23. Nxe4 Bxe4 24. Bxe4 Rb6 25. Bc6 Nf6 26. b5 Bb4 27. Bf4 Bd6 28.
Be5 Ng4 29. Qe2 Nxe5 30. dxe5 Bb4 31. Qe3 Qc7 32. Rc4 Bf8 33. Rca4 Qe7 34. Ra7
Qc5 35. Qf4 Be7 36. Rc1 Qb4 37. Rc4 Qb1+ 38. Rc1 Qb4 39. Rc4 Qb1+ 40. Kg2 Kf8
41. Rd4 g5 42. Qf3 1-0

[Event "24th ch-EUR Indiv 2024"]
[Site "Petrovac MNE"]
[Date "2024.11.13"]
[Round "6.16"]
[White "Erdogmus, Yagiz Kaan"]
[Black "Sedlak, Nikola"]
[Result "1/2-1/2"]
[WhiteTitle "GM"]
[BlackTitle "GM"]
[WhiteElo "2604"]
[BlackElo "2444"]
[WhiteFideId "44599790"]
[BlackFideId "922900"]
[EventDate "2024.11.08"]

1. d4 d5 2. c4 e6 3. Nc3 h6 4. cxd5 exd5 5. Bf4 Nf6 6. e3 Bd6 7. Bxd6 Qxd6 8.
Bd3 O-O 9. Nge2 b6 10. O-O c5 11. Rc1 Ba6 12. Ng3 Bxd3 13. dxc5 bxc5 14. Qxd3 c4
15. Qe2 Nbd7 16. e4 Rfe8 17. Qd2 Nc5 18. exd5 Nd3 19. Nb5 Qb6 20. Rxc4 Nxf2 21.
Qxf2 Qxb5 22. Rd4 Rad8 23. Nf5 Qb6 24. d6 Re6 25. Kh1 g6 26. Nxh6+ Kg7 27. g4
Kxh6 28. g5+ Kh7 29. gxf6 Rdxd6 30. Rxd6 Qxd6 31. Qf3 Qc6 32. Kg1 Qxf3 33. Rxf3
g5 34. b4 Kg6 35. b5 Re1+ 36. Kf2 1/2-1/2

[Event "24th ch-EUR Indiv 2024"]
[Site "Petrovac MNE"]
[Date "2024.11.13"]
[Round "6.17"]
[White "Vitiugov, Nikita"]
[Black "Kovalev, Vladislav"]
[Result "1/2-1/2"]
[WhiteTitle "GM"]
[BlackTitle "GM"]
[WhiteElo "2668"]
[BlackElo "2539"]
[WhiteFideId "4152956"]
[BlackFideId "13504398"]
[EventDate "2024.11.08"]

1. e4 e5 2. Nf3 Nc6 3. Bb5 Nd4 4. Nxd4 exd4 5. O-O Ne7 6. Bc4 c6 7. Re1 Ng6 8.
d3 Bc5 9. Qh5 d6 10. Bg5 Qa5 11. Bd2 Qb6 12. Bb3 a5 13. a4 O-O 14. Na3 Be6 15.
Bxe6 fxe6 16. Nc4 Qc7 17. Qg4 Qf7 18. f3 b6 19. Rab1 Ne5 20. Nxe5 dxe5 21. Rf1
Bd6 22. Rf2 c5 23. Rbf1 Rac8 24. f4 exf4 25. Bxf4 Qd7 26. b3 Bxf4 27. Rxf4 Qd6
28. Qg3 Rxf4 29. Rxf4 Qe7 30. h4 e5 31. Rf5 Re8 32. h5 Qe6 33. Qg4 Qd6 34. Kh2
Rf8 35. Rxf8+ Kxf8 36. Qf5+ Kg8 37. Kh3 g6 38. hxg6 hxg6 39. Qc8+ Kg7 40. Qb7+
Kf8 41. Kg4 Qf6 42. Qh7 Qf4+ 43. Kh3 Qc1 44. Qxg6 Qxc2 45. Qf6+ Kg8 46. Qe6+ Kf8
47. Qd6+ Kf7 48. Qd5+ Kf8 49. Qd8+ Kf7 50. Qc7+ Kf8 51. Qc8+ Ke7 52. Qb7+ Kf8
53. Kg4 Qxg2+ 54. Kf5 Qh3+ 55. Kf6 Qf3+ 56. Ke6 Qh3+ 57. Kxe5 Qxd3 58. Qxb6 Qc3
59. Qf6+ Kg8 60. Qg6+ Kf8 61. Qh6+ Kg8 62. Qg5+ Kf7 63. Qf6+ Kg8 64. Qg6+ Kf8
65. Kd6 d3 66. e5 d2 67. Qh6+ Kg8 68. Qg5+ Kf8 69. Qf5+ Kg7 70. Qg4+ Kf8 71.
Qf5+ Kg7 72. Qg5+ Kf8 73. Qd8+ Kg7 74. Qf6+ Kg8 75. Qg6+ Kf8 76. Qh6+ Kg8 1/2-1/2

[Event "24th ch-EUR Indiv 2024"]
[Site "Petrovac MNE"]
[Date "2024.11.13"]
[Round "6.18"]
[White "Ahmadzada, Ahmad"]
[Black "Bluebaum, Matthias"]
[Result "1/2-1/2"]
[WhiteTitle "GM"]
[BlackTitle "GM"]
[WhiteElo "2542"]
[BlackElo "2654"]
[WhiteFideId "13413007"]
[BlackFideId "24651516"]
[EventDate "2024.11.08"]

1. e4 c6 2. Nf3 d5 3. Nc3 Bg4 4. h3 Bxf3 5. Qxf3 e6 6. Be2 Nf6 7. O-O d4 8. Nb1
Bd6 9. d3 Bc7 10. a4 c5 11. Na3 Nc6 12. g3 Qe7 13. Nc4 Nd7 14. a5 a6 15. Qg2 Qd8
16. Bd2 Nde5 17. Nxe5 Bxe5 18. Ra4 Bc7 19. Rfa1 Qe7 20. Rb1 Qd8 21. Rba1 Qe7 22.
Rb1 Qd8 1/2-1/2

[Event "24th ch-EUR Indiv 2024"]
[Site "Petrovac MNE"]
[Date "2024.11.13"]
[Round "6.19"]
[White "Blohberger, Felix"]
[Black "Bacrot, Etienne"]
[Result "1/2-1/2"]
[WhiteTitle "GM"]
[BlackTitle "GM"]
[WhiteElo "2536"]
[BlackElo "2653"]
[WhiteFideId "1632051"]
[BlackFideId "605506"]
[EventDate "2024.11.08"]

1. e4 c5 2. Nf3 e6 3. d4 cxd4 4. Nxd4 a6 5. c4 Nf6 6. Nc3 Bb4 7. Qd3 d5 8. exd5
exd5 9. Be2 O-O 10. O-O Nc6 11. Nxc6 bxc6 12. cxd5 Nxd5 13. Nxd5 Qxd5 14. Qg3
Bd6 15. Bf4 Bxf4 16. Qxf4 Qf5 17. Qxf5 Bxf5 18. Rac1 Rfd8 19. Rxc6 Rd2 20. Rxa6
Rc8 21. Bf3 Rxb2 22. Ra1 Bb1 23. h4 g6 24. a4 Rc1+ 25. Kh2 Rc4 26. a5 Be4 27.
Bxe4 Rxe4 28. Ra8+ Kg7 29. a6 Rxh4+ 30. Kg3 Rbb4 31. a7 1/2-1/2

[Event "24th ch-EUR Indiv 2024"]
[Site "Petrovac MNE"]
[Date "2024.11.13"]
[Round "6.20"]
[White "Pichot, Alan"]
[Black "Stefansson, Vignir Vatnar"]
[Result "1/2-1/2"]
[WhiteTitle "GM"]
[BlackTitle "GM"]
[WhiteElo "2649"]
[BlackElo "2530"]
[WhiteFideId "110973"]
[BlackFideId "2308649"]
[EventDate "2024.11.08"]

1. e4 e6 2. d4 d5 3. Nc3 Nf6 4. e5 Nfd7 5. f4 c5 6. Nf3 Nc6 7. Be3 cxd4 8. Nxd4
Qb6 9. Qd2 Qxb2 10. Rb1 Qa3 11. Bb5 Nxd4 12. Bxd4 a6 13. Bxd7+ Bxd7 14. Rb3 Qe7
15. Rxb7 Qd8 16. O-O Qc8 17. Rb3 Bc5 18. Rf2 Bxd4 19. Qxd4 O-O 20. Nd1 Qc4 21.
Qxc4 dxc4 22. Rb4 Rab8 23. Rxc4 Rb1 24. Rd2 Bb5 25. Rcd4 Ra1 26. c3 h5 27. Kf2
Rc8 28. Rb2 Kh7 29. g3 Kh6 30. h3 Kh7 31. Rbd2 1/2-1/2

[Event "24th ch-EUR Indiv 2024"]
[Site "Petrovac MNE"]
[Date "2024.11.13"]
[Round "6.21"]
[White "Gorshtein, Ido"]
[Black "Sjugirov, Sanan"]
[Result "1/2-1/2"]
[WhiteTitle "GM"]
[BlackTitle "GM"]
[WhiteElo "2528"]
[BlackElo "2649"]
[WhiteFideId "2815532"]
[BlackFideId "4189302"]
[EventDate "2024.11.08"]

1. d4 d6 2. e4 g6 3. c4 Bg7 4. Nc3 c5 5. Nf3 Qa5 6. d5 Bxc3+ 7. bxc3 Nf6 8. Rb1
Nxe4 9. Bd3 Bf5 10. Qc2 Qxc3+ 11. Qxc3 Nxc3 12. Bxf5 gxf5 13. Rxb7 Rg8 14. O-O
Nd7 15. h3 Nxa2 16. Bd2 Nb4 17. Nh4 Nc2 18. Rc1 Nd4 19. Rcb1 f6 20. Kh2 Ne5 21.
Bc3 Ng6 22. Re1 e5 23. Nxg6 hxg6 24. Reb1 Kf8 25. Ba5 Rg7 26. Rxg7 Kxg7 27. Rb7+
Kg8 28. Rd7 1/2-1/2

[Event "24th ch-EUR Indiv 2024"]
[Site "Petrovac MNE"]
[Date "2024.11.13"]
[Round "6.22"]
[White "Grandelius, Nils"]
[Black "Kosakowski, Jakub"]
[Result "1/2-1/2"]
[WhiteTitle "GM"]
[BlackTitle "IM"]
[WhiteElo "2645"]
[BlackElo "2516"]
[WhiteFideId "1710400"]
[BlackFideId "1185080"]
[EventDate "2024.11.08"]

1. Nf3 Nf6 2. c4 e6 3. g3 d5 4. Bg2 dxc4 5. Qa4+ c6 6. Qxc4 b5 7. Qc2 Bb7 8. O-O
Nbd7 9. Nc3 Rc8 10. Rd1 Qb6 11. d3 c5 12. a4 a6 13. Qb3 b4 14. a5 Qa7 15. Na4
Be7 16. Qc2 Bd8 17. b3 Bxa5 18. Nb2 Bc7 19. Nc4 O-O 20. Bb2 h6 21. Ra2 Bc6 22.
Rda1 Bb5 23. Nfd2 Qb8 24. Qc1 Nd5 25. Qf1 Bd8 26. Ne4 Be7 27. Qc1 f5 28. Ned2
Bf6 29. Bxf6 N7xf6 30. Nf3 Nc3 31. Rc2 Qc7 32. Nfe5 Nfd5 33. Bf3 Ra8 34. Ra5
Rad8 35. Ra1 f4 36. Bg2 Rf5 37. Nf3 fxg3 38. hxg3 Rdf8 39. Bh3 R5f6 40. Nce5 a5
41. Bg2 a4 42. bxa4 Bxa4 43. Rb2 Bb5 44. Rc2 Kh7 45. e4 Nb6 46. Rxc3 bxc3 47.
Qxc3 Nd7 48. Ra2 Nxe5 49. Nxe5 Rd8 50. Rc2 Rff8 51. d4 Qd6 52. d5 Ra8 53. Kh2 c4
54. Qd4 Rfc8 55. Bh3 Qc5 56. Qxc5 Rxc5 57. Bxe6 c3 58. Bf5+ Kg8 59. Be6+ Kf8 60.
Bd7 Ra3 61. Kg2 Ke7 62. Bxb5 Rxb5 63. Nc4 Rab3 64. Kf3 Rc5 65. Ne3 Rb2 66. Ke2
Rxc2+ 67. Nxc2 h5 68. f4 Rb5 69. Kd3 Rb1 70. Ne3 Rg1 71. Kxc3 Rxg3 72. Kd2 Rf3
73. Nf5+ Kd7 74. e5 Rxf4 75. e6+ Kd8 76. e7+ Kd7 77. Nxg7 Kxe7 78. Nxh5 Rf5 79.
Ng3 Rxd5+ 80. Ke3 Rd3+ 81. Kxd3 1/2-1/2

[Event "24th ch-EUR Indiv 2024"]
[Site "Petrovac MNE"]
[Date "2024.11.13"]
[Round "6.23"]
[White "Vetoshko, Volodymyr"]
[Black "Kollars, Dmitrij"]
[Result "1/2-1/2"]
[WhiteTitle "GM"]
[BlackTitle "GM"]
[WhiteElo "2513"]
[BlackElo "2641"]
[WhiteFideId "14122480"]
[BlackFideId "12909572"]
[EventDate "2024.11.08"]

1. d4 Nf6 2. g3 e6 3. Bg2 c5 4. Nf3 cxd4 5. O-O d5 6. Nxd4 e5 7. Nb3 Be6 8. Nc3
Be7 9. f4 exf4 10. gxf4 g6 11. Nd4 Nc6 12. Nxe6 fxe6 13. Kh1 Bb4 14. Qd3 O-O 15.
Nd1 Qe7 16. Nf2 Rad8 17. Nh3 Bc5 18. c3 a6 19. Qg3 Qd7 20. Be3 Nh5 21. Qf2 Bd6
22. Rad1 Ne7 23. c4 e5 24. cxd5 exf4 25. Bb6 Rc8 26. Ng5 Nf5 27. Ne6 Qe7 28. Bh3
Rf7 29. Rc1 Re8 30. Rc4 Qf6 31. Bd4 Nxd4 32. Nxd4 Kh8 33. Be6 Rff8 34. b3 Ng7
35. Bg4 h5 36. Bf3 Bb8 37. Rd1 Ba7 38. Qg2 Bxd4 39. Rcxd4 Qd6 40. Re4 Nf5 41.
Rxe8 Rxe8 42. Qg5 Kh7 43. Rg1 Rf8 44. Rc1 Qe5 45. h4 Qd6 46. Kh2 Nh6 47. Qg1 Re8
48. Qd4 Nf5 49. Qc5 Qxc5 50. Rxc5 Nxh4 51. Rc4 Nxf3+ 52. exf3 Rd8 53. Rxf4 Rxd5
54. Rf7+ Kh6 55. Rxb7 Rd2+ 56. Kg3 Rxa2 57. b4 Kg5 58. f4+ Kf6 59. Ra7 Ra3+ 60.
Kf2 h4 61. b5 a5 62. b6 Kf5 63. Rf7+ Kg4 64. Rf6 Rf3+ 65. Kg1 Rb3 66. Rxg6+ Kxf4
67. Rc6 Rb5 68. Rc4+ Ke5 69. Rxh4 Kd6 70. Rh6+ Kc5 71. Kf2 Rb2+ 72. Ke3 a4 73.
Kd3 a3 74. Kc3 Rb1 75. Rh2 Kb5 76. b7 Ka4 77. Rh4+ Ka5 78. Rh8 Rxb7 79. Ra8+ Kb5
80. Rxa3 1/2-1/2

[Event "24th ch-EUR Indiv 2024"]
[Site "Petrovac MNE"]
[Date "2024.11.13"]
[Round "6.24"]
[White "Korobov, Anton"]
[Black "Tarhan, Adar"]
[Result "1/2-1/2"]
[WhiteTitle "GM"]
[BlackTitle "IM"]
[WhiteElo "2636"]
[BlackElo "2492"]
[WhiteFideId "14105730"]
[BlackFideId "34544712"]
[EventDate "2024.11.08"]

1. e4 e5 2. Nf3 Nc6 3. Bb5 Nf6 4. d3 d6 5. O-O g6 6. c4 Bg7 7. h3 O-O 8. Nc3 Nh5
9. Bg5 f6 10. Be3 f5 11. exf5 gxf5 12. Bxc6 bxc6 13. Nxe5 Bxe5 14. Qxh5 f4 15.
Bd2 Rb8 16. b3 Bf5 17. Rad1 Bxd3 18. Bxf4 Bg6 19. Qxe5 dxe5 20. Rxd8 Rbxd8 21.
Bxe5 Rd3 22. f4 Rf7 23. Rf2 h5 24. Re2 1/2-1/2

[Event "24th ch-EUR Indiv 2024"]
[Site "Petrovac MNE"]
[Date "2024.11.13"]
[Round "6.25"]
[White "Iskandarov, Misratdin"]
[Black "Rodshtein, Maxim"]
[Result "1-0"]
[WhiteTitle "GM"]
[BlackTitle "GM"]
[WhiteElo "2506"]
[BlackElo "2636"]
[WhiteFideId "13400312"]
[BlackFideId "2806851"]
[EventDate "2024.11.08"]

1. e4 c5 2. Nf3 d6 3. d4 cxd4 4. Nxd4 Nf6 5. Nc3 a6 6. Rg1 h5 7. Bg5 b5 8. Qe2
Bb7 9. O-O-O Nbd7 10. f4 b4 11. Nd5 e6 12. Nxf6+ gxf6 13. Bh4 Nc5 14. e5 Qa5 15.
Bxf6 Rh6 16. Kb1 Ne4 17. Nb3 Qb6 18. Bh4 dxe5 19. Qe1 exf4 20. Bd3 f5 21. Nd2
Bc5 22. Bxe4 fxe4 23. Nxe4 Bxg1 24. Nd6+ Kf8 25. Qe5 Qe3 26. Be7+ Kg8 27. Qg5+
Kh7 28. Nf5 1-0

[Event "24th ch-EUR Indiv 2024"]
[Site "Petrovac MNE"]
[Date "2024.11.13"]
[Round "6.26"]
[White "Boyer, Mahel"]
[Black "Yuffa, Daniil"]
[Result "0-1"]
[WhiteTitle "IM"]
[BlackTitle "GM"]
[WhiteElo "2506"]
[BlackElo "2631"]
[WhiteFideId "45102422"]
[BlackFideId "24131423"]
[EventDate "2024.11.08"]

1. d4 Nf6 2. c4 e6 3. Nc3 Bb4 4. e3 b6 5. Ne2 Ne4 6. Qc2 Bb7 7. a3 Bxc3+ 8. Nxc3
Nxc3 9. Qxc3 d6 10. b3 Nd7 11. Bb2 Qh4 12. Qc2 O-O-O 13. O-O-O Qh6 14. Kb1 f5
15. f3 Rhf8 16. Qc3 g5 17. d5 g4 18. fxg4 exd5 19. cxd5 Nf6 20. Bc4 Nxg4 21.
Rhe1 Rde8 22. Rc1 Re7 23. e4 fxe4 24. h3 Nf2 25. Rc2 Qg6 26. Ka2 Kb8 27. Qe3
Ref7 28. Ree2 Nd3 29. Qxe4 Nf4 30. Qxg6 hxg6 31. Rf2 a6 32. Rcd2 b5 33. Bf1 Bxd5
34. g3 Ne6 35. Rxf7 Rxf7 36. Bd3 Rf3 37. Bc2 c6 38. Rd3 Rf2 39. Kb1 Be4 40. Rc3
Rf1+ 41. Ka2 Bxc2 42. Rxc2 Kc7 43. h4 c5 44. Rg2 d5 45. Be5+ Kc6 46. g4 d4 47.
Bg3 d3 48. Kb2 Nd4 49. Kc3 Rd1 50. h5 Ne2+ 51. Kb2 Rd2+ 52. Ka1 Rc2 0-1

[Event "24th ch-EUR Indiv 2024"]
[Site "Petrovac MNE"]
[Date "2024.11.13"]
[Round "6.27"]
[White "Santos Latasa, Jaime"]
[Black "Samadov, Read"]
[Result "1-0"]
[WhiteTitle "GM"]
[BlackTitle "IM"]
[WhiteElo "2630"]
[BlackElo "2490"]
[WhiteFideId "2293307"]
[BlackFideId "13417444"]
[EventDate "2024.11.08"]

1. e4 c5 2. Nf3 d6 3. d4 cxd4 4. Nxd4 Nf6 5. Nc3 a6 6. Bg5 Nbd7 7. Bc4 Qb6 8.
Bb3 e6 9. Qd2 Be7 10. O-O-O Nc5 11. f3 Qc7 12. g4 b5 13. a3 Rb8 14. Kb1 Bd7 15.
Rhe1 O-O 16. Bf4 Qb7 17. e5 dxe5 18. Bxe5 Rbd8 19. g5 Ne8 20. Qe3 Nxb3 21. Nxb3
Bc6 22. Na5 Qc8 23. Nxc6 Qxc6 24. Ne4 Nd6 25. Bxd6 Bxd6 26. h4 Bc7 27. h5 Rd5
28. h6 Rfd8 29. Rxd5 exd5 30. Nf2 Bg3 31. Qd4 Qg6 32. Qxd5 Rf8 33. hxg7 Rc8 34.
Re2 Bxf2 35. Rxf2 Kxg7 36. f4 Qc6 37. Qd4+ Kg8 38. f5 Qc5 39. Qf4 Qc4 40. Qe3
Rd8 41. b3 Qd5 42. f6 a5 43. Re2 Qc6 44. Qe7 Qc8 45. Kb2 a4 46. b4 Qa8 47. Re5
Rb8 48. Qd7 1-0

[Event "24th ch-EUR Indiv 2024"]
[Site "Petrovac MNE"]
[Date "2024.11.13"]
[Round "6.28"]
[White "Bartel, Mateusz"]
[Black "Babazada, Khazar"]
[Result "1/2-1/2"]
[WhiteTitle "GM"]
[BlackTitle "IM"]
[WhiteElo "2613"]
[BlackElo "2459"]
[WhiteFideId "1112635"]
[BlackFideId "13413554"]
[EventDate "2024.11.08"]

1. e4 c5 2. Nf3 e6 3. b3 Nc6 4. Bb2 Nf6 5. e5 Ng4 6. h3 Nh6 7. Bb5 Qc7 8. Qe2
Nf5 9. Bxc6 Qxc6 10. Nc3 d5 11. exd6 Bxd6 12. O-O-O O-O 13. Ne4 Be7 14. g4 Nd6
15. Nxd6 Bxd6 16. g5 e5 17. Nxe5 Re8 18. f4 Bf5 19. h4 Bxe5 20. fxe5 b5 21. Rhf1
Qd7 22. Qf2 Bg4 23. Rde1 Rac8 24. Re4 Be6 25. h5 c4 26. b4 a5 27. a3 axb4 28.
axb4 Qe7 29. Bc3 Ra8 30. h6 Ra2 31. hxg7 Qxg5 32. Rg1 Qf5 33. Qd4 Qf3 34. Qe3 1/2-1/2

[Event "24th ch-EUR Indiv 2024"]
[Site "Petrovac MNE"]
[Date "2024.11.13"]
[Round "6.29"]
[White "Ohanyan, Emin"]
[Black "Lagarde, Maxime"]
[Result "1/2-1/2"]
[WhiteTitle "GM"]
[BlackTitle "GM"]
[WhiteElo "2504"]
[BlackElo "2606"]
[WhiteFideId "13312022"]
[BlackFideId "662399"]
[EventDate "2024.11.08"]

1. e4 Nc6 2. Nf3 e5 3. Bc4 Nf6 4. Ng5 d5 5. exd5 Na5 6. Bb5+ c6 7. dxc6 bxc6 8.
Bd3 Nd5 9. h4 f5 10. Nc3 Bd6 11. Nxd5 cxd5 12. Qf3 e4 13. Bb5+ Kf8 14. Qe2 h6
15. Nh3 Rb8 16. Ba4 Qxh4 17. d3 Ba6 18. O-O Rb6 19. Qe3 Qf6 20. Rd1 g5 21. Qe1
Qe5 22. g3 d4 23. dxe4 fxe4 24. c3 d3 25. Be3 Qf5 26. Bxb6 axb6 27. Bd7 Qxd7 28.
Qxe4 Qxh3 29. Qd4 Bxg3 30. Qf6+ Kg8 31. Qg6+ Kf8 32. Qf6+ 1/2-1/2

[Event "24th ch-EUR Indiv 2024"]
[Site "Petrovac MNE"]
[Date "2024.11.13"]
[Round "6.30"]
[White "Malek, Jan"]
[Black "Fressinet, Laurent"]
[Result "1-0"]
[WhiteTitle "IM"]
[BlackTitle "GM"]
[WhiteElo "2499"]
[BlackElo "2605"]
[WhiteFideId "21864080"]
[BlackFideId "608742"]
[EventDate "2024.11.08"]

1. e4 e5 2. Nf3 Nc6 3. d4 exd4 4. Nxd4 Nf6 5. Nxc6 bxc6 6. e5 Qe7 7. Qe2 Nd5 8.
h4 d6 9. c4 Nb6 10. exd6 Qxe2+ 11. Bxe2 Bxd6 12. Nc3 O-O 13. Be3 Be5 14. Rc1 a5
15. b3 a4 16. O-O axb3 17. axb3 Rd8 18. Bf3 Bd7 19. Rfd1 Be8 20. Ne2 Rxd1+ 21.
Rxd1 h6 22. g3 Rb8 23. Kg2 Bf6 24. Bf4 Nc8 25. Nd4 c5 26. Bxc7 Rb4 27. Ba5 Rb8
28. Bc7 Rb4 29. Re1 Kf8 30. Nb5 Rxb3 31. Na7 Ne7 32. Bd6 Bd7 33. Bd5 Ra3 34. Rb1
Rxa7 35. Rb8+ Be8 36. Bc6 g6 37. Rxe8+ Kg7 38. Bb5 Nf5 39. Bf8+ Kh7 40. Bxc5 Ra2
41. Rf8 Kg7 42. Be8 Ra7 43. Bxa7 Kxf8 44. Bd7 Bd4 45. Bb8 h5 46. Kf3 Ke7 47.
Bxf5 gxf5 48. Kf4 Kf6 49. f3 Bc5 50. Bc7 Be7 51. Be5+ Ke6 52. Bb8 f6 53. g4 fxg4
54. fxg4 hxg4 55. Kxg4 f5+ 56. Kh3 Bf8 57. Bf4 Kd7 58. h5 Kc6 59. Be3 Kd6 60.
Bd4 Bh6 61. Kg3 Kc6 62. Kf3 Kd6 63. Be3 Bf8 64. Bd4 Bh6 65. Ke2 Ke6 66. Kd3 Bg5
67. Bc3 Bh6 68. Bd2 Bf8 69. h6 1-0